Gaming Quiz

Random Gaming or Video Games Quiz

Badly Drawn Video Game Characters Quiz Stats

 Plays Quiz Updated Jul 16, 2017

Support Sporcle.
Go Orange.
Score 0/15 Timer 03:00
0 Plays Today
% Correct
Mario
99.9%
Pac-Man and Clyde
92.2%
Pikachu
91.7%
Sonic the Hedgehog
91.3%
Donkey Kong
90.3%
Toon Link
89.2%
Yoshi
87.5%
Crash Bandicoot
84.6%
% Correct
Kirby
83.3%
Mega Man
76.8%
Spyro the Dragon
75.4%
Samus Aran
65.4%
Meat Boy
55.9%
Spy (TF2)
44%
Chell
37.9%

You're not logged in!

Compare scores with friends on all Sporcle quizzes.
OR
Log In
Forgot?

From the Vault

Country by Continent/Beginning Letter

by NvjdsIsSmart

We're always disappointed by the lack of countries starting with the letter X.
Remove Ads.
Support Sporcle.
Get the best of Sporcle when you Go Orange. This ad-free experience offers more features, more stats, and more fun while also helping to support Sporcle. Thank you for becoming a member.

Show Comments

Extras

Top Quizzes Today


Score Distribution

Your Account Isn't Verified!

In order to create a playlist on Sporcle, you need to verify the email address you used during registration. Go to your Sporcle Settings to finish the process.

Report this User

Report this user for behavior that violates our Community Guidelines.

Details: